[Event "Titled Tue 27th May Late"]
[Site "chess.com INT"]
[Date "2025.05.27"]
[Round "3"]
[White "Herrera Ortiz, Miguel"]
[Black "Gimeno Martos, Roberto"]
[Result "1-0"]
[WhiteTitle "IM"]
[BlackTitle "CM"]
[WhiteElo "2174"]
[BlackElo "2090"]
[WhiteFideId "5100550"]
[BlackFideId "2226804"]
[EventDate "2025.05.27"]

1. e4 g6 2. d4 Bg7 3. Nc3 c6 4. h3 d5 5. e5 h5 6. f4 Nh6 7. Nf3 O-O 8. Bd3 Bf5
9. Ne2 Bxd3 10. Qxd3 e6 11. Bd2 Nd7 12. O-O c5 13. c3 a6 14. Kh2 b5 15. Rg1 c4
16. Qc2 a5 17. g4 hxg4 18. hxg4 Rb8 19. Kg3 b4 20. Rh1 bxc3 21. bxc3 Nb6 22. f5
Nxg4 23. Kxg4 exf5+ 24. Kg3 f6 25. Bf4 g5 26. Qxf5 gxf4+ 27. Nxf4 fxe5 28. Qe6+
Rf7 29. dxe5 Nd7 30. Qxd5 Qe7 31. Ng6 Qa3 32. e6 1-0

[Event "Titled Tue 27th May Late"]
[Site "chess.com INT"]
[Date "2025.05.27"]
[Round "3"]
[White "Vakhidov, Jakhongir"]
[Black "Alizadeh, Mohammad Mahdi"]
[Result "1/2-1/2"]
[WhiteTitle "GM"]
[BlackTitle "CM"]
[WhiteElo "2546"]
[BlackElo "2015"]
[WhiteFideId "14201801"]
[BlackFideId "22598820"]
[EventDate "2025.05.27"]

1. c4 c5 2. g3 g6 3. Bg2 Bg7 4. Nc3 Nc6 5. Nf3 e6 6. d4 cxd4 7. Nb5 d5 8. cxd5
exd5 9. O-O Nf6 10. Bf4 O-O 11. Nfxd4 Be6 12. Rc1 Qd7 13. Nxc6 bxc6 14. Nd4 Rfc8
15. Nb3 Qb7 16. Be5 a5 17. Nc5 Qe7 18. b3 Nd7 19. Bxg7 Kxg7 20. Qd4+ Kg8 21. e4
Nxc5 22. Rxc5 dxe4 23. Bxe4 Rd8 24. Qe5 Qd6 25. Qxd6 Rxd6 26. Rxc6 Rxc6 27. Bxc6
Rc8 28. Be4 a4 29. bxa4 Rc4 30. f3 Rxa4 31. Ra1 Rxa2 32. Rxa2 Bxa2 1/2-1/2

[Event "Titled Tue 27th May Late"]
[Site "chess.com INT"]
[Date "2025.05.27"]
[Round "3"]
[White "Le, Quang Liem"]
[Black "Gharibyan, Mamikon"]
[Result "1-0"]
[WhiteTitle "GM"]
[BlackTitle "GM"]
[WhiteElo "2729"]
[BlackElo "2472"]
[WhiteFideId "12401137"]
[BlackFideId "13308300"]
[EventDate "2025.05.27"]

1. Nf3 d5 2. e3 c5 3. b3 Nc6 4. Bb2 a6 5. d4 Nf6 6. Be2 Bg4 7. O-O e6 8. Ne5
Bxe2 9. Qxe2 Rc8 10. c4 cxd4 11. Nxc6 Rxc6 12. cxd5 Nxd5 13. Bxd4 Bc5 14. Bxg7
Rg8 15. Bb2 Qg5 16. Qf3 f5 17. Nc3 Nxc3 18. Bxc3 Bxe3 19. Be5 Bc5 20. Rad1 Qg4
21. Qxg4 Rxg4 22. Rfe1 Bb4 23. Re2 Ke7 24. g3 Rg8 25. Bf4 Bd6 26. Be3 Rgc8 27.
Kg2 Kf7 28. Red2 Be7 29. Rd7 R8c7 30. Bf4 Rxd7 31. Rxd7 b5 32. Bg5 1-0

[Event "Titled Tue 27th May Late"]
[Site "chess.com INT"]
[Date "2025.05.27"]
[Round "3"]
[White "Krotov, Damian"]
[Black "Jing, Andrew"]
[Result "1-0"]
[BlackTitle "FM"]
[WhiteElo "1967"]
[BlackElo "2254"]
[WhiteFideId "24208213"]
[BlackFideId "30984076"]
[EventDate "2025.05.27"]

1. d4 Nf6 2. c4 e6 3. Nf3 b6 4. g3 Bb7 5. Bg2 Bb4+ 6. Bd2 Qe7 7. O-O Bxd2 8.
Nbxd2 d6 9. Qc2 Nbd7 10. e4 e5 11. d5 a5 12. b3 O-O 13. a3 Nc5 14. b4 Na6 15.
Rab1 axb4 16. axb4 Nd7 17. Ne1 g6 18. Nd3 Rae8 19. Nb3 f5 20. c5 fxe4 21. Bxe4
dxc5 22. bxc5 bxc5 23. d6 cxd6 24. Bxb7 Nc7 25. Bc6 Rb8 26. Qc4+ Kg7 27. Na5 Nb6
28. Qc2 e4 29. Nf4 d5 30. Bxd5 Ncxd5 31. Nxd5 Nxd5 32. Rxb8 Rxb8 33. Nc6 Qb7 34.
Nxb8 Qxb8 35. Qxc5 Nf6 36. Rd1 Qe8 37. Ra1 Qe6 38. Ra7+ Kh6 39. Qe3+ Kh5 40.
Ra5+ Kg4 41. Qf4+ Kh3 42. Qh4# 1-0

[Event "Titled Tue 27th May Late"]
[Site "chess.com INT"]
[Date "2025.05.27"]
[Round "3"]
[White "Wagner, Dennis"]
[Black "Bluebaum, Matthias"]
[Result "1-0"]
[WhiteTitle "GM"]
[BlackTitle "GM"]
[WhiteElo "2616"]
[BlackElo "2660"]
[WhiteFideId "24650684"]
[BlackFideId "24651516"]
[EventDate "2025.05.27"]

1. c4 e6 2. Nc3 d5 3. d4 Bb4 4. e3 Nf6 5. Nf3 O-O 6. Bd2 Nbd7 7. Rc1 dxc4 8.
Bxc4 b6 9. a3 Be7 10. O-O Bb7 11. Qe2 a6 12. Rfd1 b5 13. Ba2 c5 14. e4 cxd4 15.
Nxd4 Qb8 16. Bg5 Kh8 17. Nf3 Rd8 18. Bh4 Qa7 19. Ng5 Ne5 20. Bg3 Nfg4 21. Nxf7+
Nxf7 22. Qxg4 Rf8 23. Qxe6 Bc5 24. Rd7 Rae8 25. Qg4 Re7 26. Rxe7 Bxe7 27. Bxf7
Rxf7 28. Qe6 Kg8 29. Nd5 Bf8 30. Rc7 Bxd5 31. exd5 1-0

[Event "Titled Tue 27th May Late"]
[Site "chess.com INT"]
[Date "2025.05.27"]
[Round "3"]
[White "Shehzad, Shazil"]
[Black "Graif, William"]
[Result "0-1"]
[WhiteTitle "FM"]
[BlackTitle "FM"]
[WhiteElo "2354"]
[BlackElo "2211"]
[WhiteFideId "1521942"]
[BlackFideId "2609835"]
[EventDate "2025.05.27"]

1. d4 Nf6 2. Nf3 e6 3. Bf4 Ne4 4. e3 g5 5. Bg3 h5 6. h4 g4 7. Ng1 Nxg3 8. fxg3
c5 9. c3 Bh6 10. Qd2 Qb6 11. Na3 Nc6 12. O-O-O cxd4 13. cxd4 Nxd4 14. Nc4 Qc6
15. Kb1 Nf5 16. Bd3 Nxg3 17. Rh2 d5 18. Ne5 Qc7 19. Bb5+ Kf8 20. Nd3 Bd7 21. Rc1
Qd6 22. Bxd7 Qxd7 23. Ne2 Ne4 24. Qb4+ Kg7 25. Nef4 Kh7 26. Nxh5 Rhc8 27. Nc5
Qe7 28. Qd4 Rxc5 29. Rhh1 Rxc1+ 30. Rxc1 e5 31. Qxd5 Nf6 32. Nxf6+ Qxf6 33. Qxb7
Re8 34. Qxa7 Qg6+ 35. Ka1 Rf8 36. a4 Kg7 37. a5 Qe4 38. Rc7 Bxe3 39. Qb7 Qxb7
40. Rxb7 Ra8 41. b4 Kg6 42. Kb2 f5 43. Kb3 f4 44. Ka4 f3 45. gxf3 gxf3 46. Rd7
f2 47. Rd1 Bd4 48. b5 e4 49. Rxd4 f1=Q 50. Rxe4 Qd1+ 51. Kb4 Qd2+ 52. Kc5 Qxa5
53. Kd5 Qxb5+ 0-1

[Event "Titled Tue 27th May Late"]
[Site "chess.com INT"]
[Date "2025.05.27"]
[Round "3"]
[White "Kleimenov, Nikolay"]
[Black "Mahdavi, Reza"]
[Result "1/2-1/2"]
[WhiteTitle "CM"]
[BlackTitle "IM"]
[WhiteElo "2198"]
[BlackElo "2445"]
[WhiteFideId "34414223"]
[BlackFideId "12595926"]
[EventDate "2025.05.27"]

1. e4 c5 2. Nf3 Nc6 3. Bb5 e6 4. Bxc6 bxc6 5. d3 f6 6. O-O Ne7 7. Nbd2 Ng6 8. g3
Be7 9. h4 O-O 10. h5 Nh8 11. Nh2 d5 12. f4 Ba6 13. Qg4 Qd7 14. f5 exf5 15. exf5
Nf7 16. Ndf3 Kh8 17. Bd2 Bd6 18. Rae1 Rae8 19. Re6 Bc8 20. Rfe1 Ne5 21. Nxe5
fxe5 22. Nf3 e4 23. Ng5 h6 24. Rxe8 Qxe8 25. Ne6 Bxe6 26. fxe6 Rf3 27. Bf4 Bxf4
28. gxf4 Qf8 29. Rf1 Rxf1+ 30. Kxf1 Qf6 31. Qg6 Qxf4+ 32. Ke2 Qf3+ 33. Ke1 Qh1+
34. Kf2 Qf3+ 35. Kg1 Qd1+ 36. Kf2 Qxc2+ 37. Kg3 Qxd3+ 38. Kf4 Qd2+ 39. Ke5 Qh2+
40. Kf5 Qf2+ 41. Ke5 Qxb2+ 42. Kd6 Qb8+ 43. Kd7 Qb7+ 44. Kd6 Qb8+ 45. Kd7 Qb7+
46. Kd6 Qb8+ 1/2-1/2

[Event "Titled Tue 27th May Late"]
[Site "chess.com INT"]
[Date "2025.05.27"]
[Round "3"]
[White "Dubnevych, Maksym"]
[Black "Reprintsev, Alexander"]
[Result "1/2-1/2"]
[WhiteTitle "FM"]
[BlackTitle "IM"]
[WhiteElo "2292"]
[BlackElo "2256"]
[WhiteFideId "14184001"]
[BlackFideId "14100541"]
[EventDate "2025.05.27"]

1. Nc3 d5 2. e4 d4 3. Nce2 c5 4. Ng3 Qa5 5. Nf3 Nc6 6. c3 e5 7. Bc4 Be7 8. Qb3
Nh6 9. d3 dxc3 10. bxc3 Nd4 11. Nxd4 cxd4 12. Bxh6 gxh6 13. Qb5+ Qxb5 14. Bxb5+
Kd8 15. cxd4 exd4 16. O-O Be6 17. Rfc1 Rc8 18. Rxc8+ Kxc8 19. Rc1+ Kb8 20. Ne2
Rd8 21. Bc4 Ba3 22. Rc2 a6 23. Bxe6 fxe6 24. f4 Rc8 25. Rxc8+ Kxc8 26. Kf2 Bc5
27. Kf3 b5 28. Kg4 a5 29. Kh5 b4 30. Kxh6 a4 31. Nc1 b3 32. axb3 Ba3 33. bxa4
Bxc1 34. g3 e5 35. Kg5 Bd2 36. h4 Kd7 37. Kf5 exf4 38. gxf4 h5 39. Ke5 Be1 40.
Kxd4 Bxh4 41. Ke3 Bd8 42. d4 h4 43. d5 Kd6 44. Kf3 Kc5 45. Kg4 Kd4 46. Kf3 h3
47. e5 Kxd5 48. Kg3 Ke4 49. a5 Bxa5 50. e6 Bd8 51. Kxh3 Kxf4 52. e7 Bxe7 1/2-1/2

[Event "Titled Tue 27th May Late"]
[Site "chess.com INT"]
[Date "2025.05.27"]
[Round "3"]
[White "Sjugirov, Sanan"]
[Black "Aradhya, Garg"]
[Result "1-0"]
[WhiteTitle "GM"]
[BlackTitle "IM"]
[WhiteElo "2638"]
[BlackElo "2383"]
[WhiteFideId "4189302"]
[BlackFideId "25006746"]
[EventDate "2025.05.27"]

1. c4 c6 2. Nf3 d5 3. d4 Nf6 4. e3 Bf5 5. Nc3 e6 6. Nh4 Be4 7. f3 Bg6 8. Bd2
Nbd7 9. Nxg6 hxg6 10. Qc2 Qc7 11. O-O-O Rxh2 12. Rxh2 Qxh2 13. cxd5 cxd5 14. e4
Qc7 15. Kb1 O-O-O 16. Rc1 Kb8 17. Qa4 Nb6 18. Qxa7+ Kxa7 19. Nb5+ Ka8 20. Nxc7+
Kb8 21. Bf4 Bd6 22. Bxd6 Rxd6 23. e5 Rd7 24. exf6 gxf6 25. Ne8 f5 26. Nf6 Rd8
27. Bb5 Rh8 28. a4 Rh2 29. g4 Rf2 30. gxf5 gxf5 31. Rc3 Rd2 32. a5 Na8 33. Be8
Rxd4 34. Bxf7 Nc7 35. Nd7+ Kc8 36. Bxe6 Kd8 37. Nc5 Rd1+ 38. Kc2 Rf1 39. Nxb7+
Ke7 40. Rxc7+ Kxe6 41. a6 Ra1 42. a7 Rxa7 43. Nc5+ Kd6 44. Rxa7 Kxc5 45. Kd3 Kb4
46. Rf7 Kb3 47. Rxf5 Kxb2 48. Rxd5 1-0

[Event "Titled Tue 27th May Late"]
[Site "chess.com INT"]
[Date "2025.05.27"]
[Round "3"]
[White "Sobek, Jaroslav"]
[Black "Brancaleoni, Maurizio"]
[Result "0-1"]
[WhiteTitle "FM"]
[BlackTitle "FM"]
[WhiteElo "2195"]
[BlackElo "2185"]
[WhiteFideId "301388"]
[BlackFideId "803022"]
[EventDate "2025.05.27"]

1. d4 Nf6 2. c4 b6 3. Nc3 Bb7 4. Qc2 Nc6 5. Nf3 d6 6. Bg5 h6 7. Bh4 g5 8. Bg3 g4
9. d5 gxf3 10. dxc6 fxe2 11. Bxe2 Bxc6 12. O-O Bg7 13. Rfe1 O-O 14. Qd2 e5 15.
Bh4 Qd7 16. Bxf6 Bxf6 17. Qxh6 Bg7 18. Qh5 f5 19. Nd5 Bxd5 20. cxd5 Rf6 21. Rac1
Raf8 22. Qf3 e4 23. Qb3 f4 24. Bf1 f3 25. Rxe4 fxg2 26. Bxg2 Rxf2 27. Rce1 Qf5
28. Qg3 Rxb2 29. Bh3 Qf2+ 30. Qxf2 Rfxf2 31. Be6+ Kf8 32. Rf1 Rxf1+ 33. Kxf1 Be5 0-1

[Event "Titled Tue 27th May Late"]
[Site "chess.com INT"]
[Date "2025.05.27"]
[Round "3"]
[White "Mafra, Kaiser Luiz"]
[Black "Ferrara, Enzo"]
[Result "0-1"]
[WhiteTitle "CM"]
[WhiteElo "2094"]
[BlackElo "2138"]
[WhiteFideId "2106698"]
[BlackFideId "137731"]
[EventDate "2025.05.27"]

1. e4 e6 2. d4 d5 3. Nd2 c5 4. c3 Nc6 5. Ngf3 cxd4 6. cxd4 dxe4 7. Nxe4 Nf6 8.
Nxf6+ gxf6 9. Qa4 Bb4+ 10. Bd2 Bxd2+ 11. Kxd2 Qb6 12. Bb5 Bd7 13. Bxc6 Bxc6 14.
Qa3 Bxf3 15. gxf3 Qxd4+ 16. Ke2 Qc4+ 17. Qd3 Rc8 18. Rac1 Qxd3+ 19. Kxd3 Ke7 20.
Rhg1 Rhd8+ 21. Ke3 h5 22. Rxc8 Rxc8 23. Kd3 Rc5 24. b4 Rd5+ 25. Ke3 Re5+ 26. Kd3
Rg5 27. Rc1 Kd7 28. Ke3 a5 29. a3 a4 30. Rc4 b5 31. Rd4+ Rd5 32. Rf4 f5 33. Rh4
Rd1 34. Rxh5 Ra1 35. Rh7 Ke7 36. h4 Rxa3+ 37. Kf4 Rb3 38. Rh8 Rxb4+ 39. Kg5 a3
40. Rb8 a2 41. Rb7+ Kd6 42. h5 a1=Q 43. h6 Qg1+ 44. Kh5 Qh2+ 45. Kg5 Qg2+ 46.
Kh5 Qxf3+ 47. Kg5 Qxb7 48. h7 Qh1 49. Kf6 Qxh7 50. f4 Qg6# 0-1

[Event "Titled Tue 27th May Late"]
[Site "chess.com INT"]
[Date "2025.05.27"]
[Round "3"]
[White "Sarasketa Irastortza, Oier"]
[Black "Guliev, Gasan"]
[Result "1-0"]
[WhiteTitle "CM"]
[BlackTitle "CM"]
[WhiteElo "2190"]
[BlackElo "2123"]
[WhiteFideId "54728207"]
[BlackFideId "34165638"]
[EventDate "2025.05.27"]

1. d4 Nf6 2. c4 c5 3. d5 b5 4. Qc2 e6 5. e4 bxc4 6. Bxc4 exd5 7. exd5 Bd6 8. Nf3
O-O 9. O-O Bb7 10. Nc3 h6 11. Rd1 a6 12. h3 Re8 13. Be3 Qc7 14. Qb3 Ra7 15. Rac1
Ba8 16. Qc2 Rb7 17. Qd2 Ne4 18. Nxe4 Rxe4 19. Bd3 Re7 20. Bxh6 gxh6 21. Qxh6 f5
22. Bxf5 Bf4 23. Qg6+ Kh8 24. d6 Bxd6 25. Rxd6 Nc6 26. Rc4 Rb4 27. Qh6+ 1-0

[Event "Titled Tue 27th May Late"]
[Site "chess.com INT"]
[Date "2025.05.27"]
[Round "3"]
[White "Naroditsky, Daniel"]
[Black "Morris-Suzuki, Alan H"]
[Result "1-0"]
[WhiteTitle "GM"]
[WhiteElo "2619"]
[BlackElo "1986"]
[WhiteFideId "2026961"]
[BlackFideId "30933218"]
[EventDate "2025.05.27"]

1. e4 g6 2. d4 Bg7 3. Nc3 d6 4. Nf3 a6 5. Be3 b5 6. a4 b4 7. Nd5 a5 8. c3 e6 9.
Nf4 Bb7 10. Bd3 Nf6 11. Qc2 O-O 12. O-O Nbd7 13. cxb4 axb4 14. a5 c5 15. a6 Bc6
16. dxc5 Nxc5 17. Bxc5 dxc5 18. Ne5 Qd6 19. Nxc6 Qxc6 20. e5 Nd5 21. Be4 Bxe5
22. Nd3 Bd4 23. Qc4 Qd6 24. a7 Qb6 25. Ra6 Qc7 26. Rfa1 Rfd8 27. g3 Kg7 28. R1a5
f5 29. Nxc5 Bxc5 30. Rxc5 Qe5 31. Bf3 Rd7 32. Rcc6 Raxa7 33. Rxe6 Qxb2 34. Rxa7 1-0

[Event "Titled Tue 27th May Late"]
[Site "chess.com INT"]
[Date "2025.05.27"]
[Round "3"]
[White "Gutkin, Ilya"]
[Black "Manolache, Marius"]
[Result "1/2-1/2"]
[WhiteTitle "FM"]
[BlackTitle "GM"]
[WhiteElo "2320"]
[BlackElo "2408"]
[WhiteFideId "16203470"]
[BlackFideId "1201530"]
[EventDate "2025.05.27"]

1. Nf3 Nf6 2. g3 d5 3. Bg2 Nc6 4. d4 Bf5 5. O-O Nb4 6. Na3 e6 7. c4 Nc6 8. Ne5
Nxe5 9. dxe5 Ne4 10. cxd5 exd5 11. Nb5 c6 12. Nc3 Nxc3 13. bxc3 Bc5 14. Qb3 Qb6
15. Ba3 O-O-O 16. Bxc5 Qxc5 17. Rfc1 Rhe8 18. e4 dxe4 19. Qxf7 Rf8 20. Qxg7 e3
21. fxe3 Qxe3+ 22. Kh1 Be4 23. Qg4+ Bf5 24. Qf3 Qxf3 25. Bxf3 Bh3 26. Bg2 Bxg2+
27. Kxg2 Rd2+ 28. Kh3 Rff2 29. Rf1 Rxh2+ 30. Kg4 h5+ 31. Kg5 Rd8 32. Rae1 Rg2
33. Rf3 Rg8+ 34. Kf5 R2xg3 35. Rxg3 Rxg3 36. e6 Kd8 37. Kf6 Rf3+ 38. Ke5 Rxc3
39. Rd1+ Ke8 40. Rd7 Ra3 41. Rxb7 Rxa2 42. Kd6 Rd2+ 43. Kxc6 h4 44. Rxa7 h3 45.
Rh7 h2 46. Kc5 Kf8 47. Kc6 Ke8 48. Kc5 Kd8 49. Kc6 Ke8 1/2-1/2

[Event "Titled Tue 27th May Late"]
[Site "chess.com INT"]
[Date "2025.05.27"]
[Round "3"]
[White "George, Kevin"]
[Black "Yanev, Tihomir"]
[Result "0-1"]
[WhiteTitle "IM"]
[BlackTitle "IM"]
[WhiteElo "2301"]
[BlackElo "2354"]
[WhiteFideId "10669515"]
[BlackFideId "2910110"]
[EventDate "2025.05.27"]

1. e4 e5 2. Nf3 Nc6 3. Nc3 Nf6 4. Nd5 d6 5. Bd3 Be6 6. c4 Be7 7. O-O O-O 8. h3
Nd7 9. Bc2 Re8 10. d4 Bf8 11. Bg5 f6 12. Be3 g6 13. Qd2 Bg7 14. b4 Nxd4 15. Nxd4
exd4 16. Bxd4 c6 17. Ne3 Bf7 18. Rad1 Qc7 19. f4 Rad8 20. Bc3 Nb6 21. Bd3 d5 22.
exd5 cxd5 23. c5 Nc4 24. Bxc4 dxc4 25. Qf2 Rd3 26. Rxd3 cxd3 27. Ng4 Qd8 28. Qh4
Re2 29. Bxf6 Qd5 30. Qg3 h5 31. Bxg7 Kxg7 32. Ne5 d2 33. Rd1 Qe4 34. Kh2 Bd5 35.
Rg1 d1=Q 36. Nf3 Qxf3 37. Qxf3 Qxg1+ 38. Kxg1 Bxf3 39. gxf3 Rxa2 40. b5 Rc2 41.
c6 bxc6 42. b6 axb6 43. f5 gxf5 0-1

[Event "Titled Tue 27th May Late"]
[Site "chess.com INT"]
[Date "2025.05.27"]
[Round "3"]
[White "Fedorov, Artem Alek"]
[Black "Goryachkina, Aleksandra"]
[Result "0-1"]
[WhiteTitle "CM"]
[BlackTitle "GM"]
[WhiteElo "2198"]
[BlackElo "2544"]
[WhiteFideId "34418431"]
[BlackFideId "4147103"]
[EventDate "2025.05.27"]

1. e4 c5 2. Nf3 d6 3. d4 cxd4 4. Qxd4 Nf6 5. Nc3 Nc6 6. Bb5 Bd7 7. Bxc6 Bxc6 8.
Bg5 e6 9. O-O-O Be7 10. Rhe1 h6 11. Bh4 Qa5 12. Nd5 Bxd5 13. exd5 Qxa2 14. dxe6
fxe6 15. Rd3 e5 16. Nxe5 Qa1+ 17. Kd2 Qa5+ 18. b4 dxe5 19. Rxe5 Qc7 20. Bxf6
gxf6 21. Re6 Rd8 22. Qxf6 Rxd3+ 23. cxd3 Rf8 24. Qg6+ Kd8 25. f3 Bxb4+ 26. Ke3
Qc1+ 27. Kf2 Bc5+ 28. Kg3 Qg5+ 29. Qxg5+ hxg5 30. Kg4 Be7 31. Re5 Rf4+ 32. Kg3
a6 33. Rd5+ Ke8 34. Kf2 b5 35. g3 Ra4 36. Ke3 b4 37. Rd4 Ra1 38. Rc4 b3 39. Rc6
b2 40. Rb6 b1=Q 0-1

[Event "Titled Tue 27th May Late"]
[Site "chess.com INT"]
[Date "2025.05.27"]
[Round "3"]
[White "Andrade, Ivan"]
[Black "Raptis, Nick"]
[Result "0-1"]
[WhiteTitle "FM"]
[BlackTitle "FM"]
[WhiteElo "2161"]
[BlackElo "2220"]
[WhiteFideId "14800039"]
[BlackFideId "2016850"]
[EventDate "2025.05.27"]

1. e4 e6 2. d4 d5 3. Nc3 Nf6 4. e5 Nfd7 5. Nce2 c5 6. c3 Nc6 7. Nf3 Qb6 8. a3 f6
9. Nf4 cxd4 10. cxd4 fxe5 11. Nxe6 e4 12. Nxf8 Rxf8 13. Ng5 Nf6 14. Be3 Qxb2 15.
Be2 Qc3+ 16. Kf1 Ng4 17. Bxg4 Qxe3 18. Nh3 Qxd4 19. Qxd4 Nxd4 20. Bxc8 Rxc8 21.
Rd1 Rc2 22. g3 Ne6 23. Rxd5 e3 24. Kg2 exf2 25. Rf1 Ke7 26. Re5 Kd6 27. Re3 Rd2
28. Rxf2 Rfxf2+ 29. Nxf2 Nc5 30. Kf3 Rb2 31. Ne4+ Nxe4 32. Kxe4 Rxh2 33. Rd3+
Kc6 34. Rc3+ Kb6 35. Rb3+ Ka6 36. Kf5 b5 37. Ke6 h5 38. Kf5 h4 39. g4 Rg2 40. g5
Rg3 41. Rb4 h3 42. Rh4 Rxa3 43. Kg6 Rg3 44. Rh5 Ka5 45. Kxg7 b4 46. Kf7 Ka4 47.
g6 b3 48. Kf6 b2 49. g7 b1=Q 0-1

[Event "Titled Tue 27th May Late"]
[Site "chess.com INT"]
[Date "2025.05.27"]
[Round "3"]
[White "Khenkin, Igor"]
[Black "Aliyev, Elnur"]
[Result "0-1"]
[WhiteTitle "GM"]
[BlackTitle "CM"]
[WhiteElo "2499"]
[BlackElo "2155"]
[WhiteFideId "4659600"]
[BlackFideId "13402617"]
[EventDate "2025.05.27"]

1. e4 e6 2. d4 d5 3. Nd2 h6 4. c3 c5 5. Ngf3 Nc6 6. exd5 exd5 7. Bb5 Bd6 8. O-O
Ne7 9. dxc5 Bxc5 10. Nb3 Bb6 11. Re1 O-O 12. Be3 Bg4 13. h3 Bh5 14. Bxb6 Qxb6
15. Be2 Bxf3 16. Bxf3 Rad8 17. Qc2 Ng6 18. Rad1 d4 19. Bxc6 Qxc6 20. Nxd4 Qd5
21. Qb3 Qg5 22. Re3 Nf4 23. Rg3 Qf6 24. Re1 Rfe8 25. Rxe8+ Rxe8 26. Qxb7 Re1+
27. Kh2 Rf1 28. Qf3 h5 29. Qa8+ Kh7 30. Rf3 Qg5 31. Qe4+ Ng6 32. Rg3 Qc1 33. Rf3
Rh1+ 34. Kg3 Qg5+ 0-1

[Event "Titled Tue 27th May Late"]
[Site "chess.com INT"]
[Date "2025.05.27"]
[Round "3"]
[White "Svane, Frederik"]
[Black "Kukhmazov, Arsen"]
[Result "1-0"]
[WhiteTitle "GM"]
[BlackTitle "IM"]
[WhiteElo "2671"]
[BlackElo "2467"]
[WhiteFideId "12923044"]
[BlackFideId "24108260"]
[EventDate "2025.05.27"]

1. e4 c6 2. d4 d5 3. exd5 cxd5 4. Nf3 Nc6 5. c3 Bg4 6. h3 Bh5 7. Qb3 Qd7 8. Ne5
Nxe5 9. dxe5 a6 10. c4 dxc4 11. Bxc4 e6 12. O-O Ne7 13. g4 Bg6 14. Rd1 Qc7 15.
Be3 Nc6 16. Nd2 Be7 17. Bf1 O-O 18. f4 Na5 19. Qb6 Qxb6 20. Bxb6 Nc6 21. Bg2 f6
22. Nc4 fxe5 23. fxe5 Rf4 24. b3 Be8 25. Be3 Rf8 26. Rac1 Rd8 27. Rxd8 Nxd8 28.
Na5 b5 29. Bc5 Bg5 30. Rd1 Rf7 31. Bb6 Rd7 32. Rd6 Be7 33. Rxd7 Bxd7 34. Nb7 Nc6
35. Bc5 Bxc5+ 36. Nxc5 Nxe5 37. Nxa6 Nd3 38. Bf1 Nc1 39. Nc5 Bc6 40. Nxe6 1-0

[Event "Titled Tue 27th May Late"]
[Site "chess.com INT"]
[Date "2025.05.27"]
[Round "3"]
[White "Khandhadia, Nivaan Rathin"]
[Black "Storn, Justin"]
[Result "0-1"]
[WhiteTitle "CM"]
[WhiteElo "2112"]
[BlackElo "2073"]
[WhiteFideId "25753274"]
[BlackFideId "30922720"]
[EventDate "2025.05.27"]

1. d4 e6 2. c4 d5 3. Nf3 Nf6 4. Nc3 Nbd7 5. e3 Bb4 6. Bd3 c5 7. O-O O-O 8. a3
Bxc3 9. bxc3 dxc4 10. Bxc4 Qc7 11. Bd3 e5 12. Qc2 cxd4 13. cxd4 Qxc2 14. Bxc2 e4
15. Nd2 Re8 16. Bb2 Nb6 17. Rac1 Bd7 18. Rfe1 Rac8 19. f3 exf3 20. Nxf3 Bc6 21.
Ne5 Be4 22. Bxe4 Nxe4 23. Rxc8 Rxc8 24. Rc1 Rxc1+ 25. Bxc1 f6 26. Nd3 Nc4 27. a4
Kf7 28. Kf1 g5 29. Ke2 Nc3+ 30. Kf3 Nxa4 31. e4 b5 32. e5 a5 33. exf6 Kxf6 0-1

[Event "Titled Tue 27th May Late"]
[Site "chess.com INT"]
[Date "2025.05.27"]
[Round "3"]
[White "Pribelszky, Bence"]
[Black "Chassard, Cedric"]
[Result "1-0"]
[WhiteTitle "IM"]
[BlackTitle "FM"]
[WhiteElo "2400"]
[BlackElo "2250"]
[WhiteFideId "769738"]
[BlackFideId "16243536"]
[EventDate "2025.05.27"]

1. d4 d5 2. c4 Qd6 3. cxd5 e5 4. dxe5 Qxe5 5. Nf3 Qd6 6. Nc3 Nf6 7. e4 Qd8 8. e5
Nfd7 9. Bc4 Be7 10. d6 cxd6 11. exd6 Bf6 12. Bf4 O-O 13. O-O Nc6 14. Nd5 Nb6 15.
Nxb6 axb6 16. Qd2 Bg4 17. Bd5 Ra4 18. h3 Bxf3 19. Bxf3 Bxb2 20. Rad1 Be5 21.
Bxe5 Nxe5 22. Bxb7 Ra7 23. Be4 Rd7 24. Qd5 Qf6 25. f4 Ng6 26. Bf5 Ne7 27. dxe7
Rxd5 28. exf8=Q+ Kxf8 29. Rxd5 g6 30. Bg4 h5 31. Bf3 Kg7 32. Rd7 Qe6 33. Rfd1
Qe3+ 34. Kh1 Qxf4 35. Bd5 Kh6 36. Rxf7 Qa4 37. Bb3 Qe4 38. Rdf1 Qe5 39. R7f6 Qc5
40. Bf7 Qd4 41. Rxg6+ Kh7 42. Rg5 Qd8 43. Rxh5+ Kg7 44. Bb3 1-0

[Event "Titled Tue 27th May Late"]
[Site "chess.com INT"]
[Date "2025.05.27"]
[Round "3"]
[White "Efimov, Leonid"]
[Black "Gergacz, Attila"]
[Result "1-0"]
[WhiteTitle "FM"]
[BlackTitle "IM"]
[WhiteElo "2260"]
[BlackElo "2383"]
[WhiteFideId "54165725"]
[BlackFideId "730157"]
[EventDate "2025.05.27"]

1. Nf3 h5 2. e4 g6 3. d4 Bg7 4. c4 d6 5. Nc3 Nd7 6. Be2 c5 7. d5 Ne5 8. Ng5 Nf6
9. f4 Neg4 10. h3 Nh6 11. O-O Nd7 12. Be3 a6 13. Qc2 Rb8 14. Rae1 O-O 15. Kh1 b5
16. cxb5 axb5 17. Nxb5 Ba6 18. a4 Nb6 19. f5 Qd7 20. fxg6 fxg6 21. e5 Nf5 22. e6
Qb7 23. Bxh5 Ng3+ 24. Kg1 Nxh5 25. Qxg6 Nf6 26. Nf7 Qxd5 27. Bh6 Nh5 28. Rf5
Rxf7 29. Qxf7+ Kh8 30. Rxd5 Nxd5 31. Qxh5 1-0

[Event "Titled Tue 27th May Late"]
[Site "chess.com INT"]
[Date "2025.05.27"]
[Round "3"]
[White "Eminov, Orkhan"]
[Black "Bogaudinov, Rushan"]
[Result "1-0"]
[WhiteTitle "FM"]
[BlackTitle "FM"]
[WhiteElo "2239"]
[BlackElo "1912"]
[WhiteFideId "13402153"]
[BlackFideId "4129288"]
[EventDate "2025.05.27"]

1. e4 c5 2. Nf3 Nc6 3. Bb5 Qc7 4. O-O a6 5. Bxc6 Qxc6 6. Nc3 e6 7. d4 cxd4 8.
Qxd4 b5 9. Bg5 Bb7 10. Rfe1 f6 11. Bh4 Bc5 12. Qd3 Ne7 13. Nd4 Qb6 14. Rad1 Bxd4
15. Qxd4 Qxd4 16. Rxd4 Nc6 17. Rd6 Ke7 18. Red1 Rhd8 19. f4 Nb4 20. Bf2 Nxc2 21.
Bc5 Ke8 22. Bb6 Nb4 23. Bxd8 Rxd8 24. Rb6 Bc8 25. a4 Nc6 26. axb5 axb5 27. Nxb5
Ke7 28. Nd6 e5 29. fxe5 fxe5 30. Rd5 g6 31. b4 Rf8 32. Nxc8+ Rxc8 33. Rb7 Nb8
34. Rxe5+ Kd6 35. Rc5 Re8 36. Rb6+ Ke7 37. Re5+ Kf8 38. Rxe8+ 1-0